[Event "SVK-ch U14"]
[Site "Stara Lubovna"]
[Date "2021.06.28"]
[Round "4"]
[White "Rerko, Milos"]
[Black "Hamas, Martin"]
[Result "0-1"]
[WhiteElo "1000"]
[BlackElo "1248"]
[PlyCount "104"]
[EventDate "2021.06.26"]
[EventType "swiss"]
[EventRounds "9"]
[EventCountry "SVK"]
[SourceTitle "CBM 203 Extra"]
[Source "ChessBase"]
[SourceDate "2021.09.30"]
[SourceVersion "1"]
[SourceVersionDate "2021.09.30"]
[SourceQuality "1"]

1. e4 e5 2. Nf3 Nc6 3. Bc4 Bc5 4. c3 Nf6 5. d3 0-0 6. 0-0 h6 7. h3 d6 8. Be3 Bxe3 9. fxe3 d5 10. Bb3 dxe4 11. dxe4 Nxe4 12. Re1 Ng5 13. Nxg5 Qxg5 14. Nd2 Bxh3 15. Qf3 Bf5 16. Ne4 Qg4 17. Rad1 Qxe4 18. Bd5 Qxf3 19. Bxf3 e4 20. Be2 Rad8 21. g4 Bg6 22. Bc4 Ne5 23. Be2 Nf3+ 24. Bxf3 exf3 25. Kf2 Bc2 26. Rd4 c5 27. Rxd8 Rxd8 28. Kxf3 Rd1 29. Re2 Bd3 30. Rh2 Rf1+ 31. Kg2 Rc1 32. Kf3 Rc2 33. Rxc2 Bxc2 34. e4 g5 35. b4 cxb4 36. cxb4 Kg7 37. Ke3 Bd1 38. Kd4 Bxg4 39. Ke5 f6+ 40. Kd6 h5 41. Kc7 h4 42. Kxb7 h3 43. Kxa7 h2 44. b5 h1Q 45. b6 Qxe4 46. b7 Qa4+ 47. Kb6 Qb4+ 48. Ka7 Qa5+ 49. Kb8 Qb6 50. Ka8 Qa6+ 51. Kb8 Bf3 52. Kc7 Qxb7+ 0-1